000 00487nam a2200217Ia 4500
008 210210b1950 xxu||||| |||| 00| 0 eng d
041 _aeng
082 _a320/605
100 _aWALKER (L J)
245 _aDiscourses of niccolo machiavelli Vol 2
260 _a
_bNot Mentioned
_c1950
440 _a2
650 _aVol
650 _aof
650 _aniccolo
650 _amachiavelli
650 _aDiscourses
650 _a2
690 _aPolitical Science
906 _a003238
999 _c118575
_d118575